000 00801nam a2200241 i 4500
001 bg
100 1 _aMaciejewski, Marek.
245 1 0 _aPowszechna historia gospodarcza czasów nowożytnych /
_cMarek Maciejewski.
260 _aWrocław :
_bWydawnictwo Uniwersytetu Wrocławskiego,
_c1996.
300 _a224, [1] s., [3] k. tabl. złoż. :
_bmapy ;
_c24 cm.
504 _aBibliogr. s. 220-224.
521 _aDla studentów specjalności zarządzania na stacjonarnych i zaocznych studiach administracyjnych.
650 4 _aHistoria gospodarcza
_y16-20 w.
650 4 _aPodręczniki akademickie
020 _a8322913745
040 _cBPK
041 0 _apl
080 _a338.1(100)
080 _a(075.8)
920 _a83-229-1374-5
942 _cKS
008 s pl f |000 0 pol
999 _c32305
_d32305
856 _uhttp://koha.tu.koszalin.pl/cgi-bin/koha/opac-detail.pl?biblionumber=32305
_yKatalog online BPK